000 00759nam a22002297a 4500
003 OSt
005 20250630053610.0
008 250630b |||||||| |||| 00| 0 eng d
020 _a978-621-8035-98-5
040 _aDWCL - Main lib
_cOC
082 _aFil. 370 C536 2018
100 _aCorpuz, Brenda B.
245 _aThe child adolescent learners and learning principles/
_cBrenda B. Corpuz
260 _aManila, Philippines:
_b Lorimar publishing,
_cc2018.
300 _axxvi, 376 pages:
_b illustrations;
_c26cm.
504 _aIncludes bibliographical references
650 _a1. Education--study and teaching
650 _a2. Ma. Rita D. Lucas
650 _a3.Heidi grace L. Borabo
650 _a4. Paz I. Lucido
942 _2ddc
_cBK - FIL
_kFil.
_n0
999 _c3302
_d3302